[Event "Pan American-ch U2000"]
[Site "Carilo Village"]
[Date "2016.10.29"]
[Round "7"]
[White "Tortosa, Horacio"]
[Black "Ramirez, Marysol"]
[Result "0-1"]
[WhiteElo "1900"]
[BlackElo "1731"]
[PlyCount "90"]
[EventDate "2016.10.25"]
[EventType "swiss"]
[EventRounds "9"]
[EventCountry "ARG"]
[SourceTitle "EXT 2022"]
[Source "ChessBase"]
[SourceDate "2021.10.06"]
[SourceVersion "1"]
[SourceVersionDate "2021.10.06"]
[SourceQuality "1"]

1. d4 Nf6 2. Nf3 d6 3. g3 Nbd7 4. Bg2 c5 5. c4 cxd4 6. Nxd4 e5 7. Nb5 Nb6 8. b3 a6 9. N5c3 Qc7 10. 0-0 Be7 11. Bb2 Bf5 12. Na3 Rd8 13. Rc1 Qb8 14. e4 Bg6 15. Nc2 Nbd7 16. h3 Nc5 17. Qe2 Bh5 18. Bf3 Bg6 19. Rcd1 Qc8 20. Kh2 Ne6 21. h4 h5 22. Nd5 Nxd5 23. Rxd5 Bxh4 24. c5 Bxg3+ 25. fxg3 h4 26. Bg4 hxg3+ 27. Kxg3 Bh5 28. Bxh5 Nf4 29. Rxf4 exf4+ 30. Kxf4 Rh7 31. Ke3 dxc5 32. Qf3 g6 33. Bg4 Qc7 34. Be5 Qb6 35. Na3 Rxd5 36. exd5 Qa5 37. Nc4 Qe1+ 38. Kd3 f5 39. Bh3 b5 40. Nd6+ Ke7 41. Bxf5 Qxe5 42. Nc8+ Kd8 43. Bxg6 Qd4+ 44. Kc2 Rh2+ 45. Kc1 Qb2+ 0-1

[Event "Pan American-ch U2000"]
[Site "Carilo Village"]
[Date "2016.10.27"]
[Round "4"]
[White "Dabraccio, Guillermo"]
[Black "Tortosa, Horacio"]
[Result "1/2-1/2"]
[WhiteElo "1670"]
[BlackElo "1900"]
[PlyCount "34"]
[EventDate "2016.10.25"]
[EventType "swiss"]
[EventRounds "9"]
[EventCountry "ARG"]
[SourceTitle "EXT 2022"]
[Source "ChessBase"]
[SourceDate "2021.10.06"]
[SourceVersion "1"]
[SourceVersionDate "2021.10.06"]
[SourceQuality "1"]

1. d4 Nf6 2. Nf3 e6 3. e3 b6 4. Bd3 Bb7 5. Nbd2 d5 6. 0-0 Bd6 7. b3 0-0 8. Bb2 c5 9. Qe2 Ne4 10. c4 Nd7 11. Ne5 cxd4 12. exd4 f5 13. cxd5 exd5 14. f4 Ndf6 15. Ndf3 Rc8 16. Rac1 Qe7 17. Bb5 g6 1/2-1/2

[Event "CP-2016-P-00015"]
[Site "LSS email"]
[Date "2016.09.27"]
[Round "?"]
[White "Pauk, Jozef"]
[Black "Tortosa, Horacio"]
[Result "0-1"]
[WhiteElo "794"]
[BlackElo "1863"]
[PlyCount "48"]
[EventDate "2016.10.01"]
[EventType "tourn (corr)"]
[EventRounds "6"]
[EventCountry "GER"]
[SourceTitle "Corr 2022"]
[Source "ChessBase"]
[SourceDate "2021.10.24"]
[SourceVersion "1"]
[SourceVersionDate "2021.10.24"]
[SourceQuality "1"]

1. e4 c5 2. d3 Nc6 3. Nf3 g6 4. Be3 Bg7 5. c3 d6 6. d4 cxd4 7. Nxd4 Nf6 8. Bb5 Bd7 9. Na3 Nxe4 10. f3 Nf6 11. h4 0-0 12. g4 e5 13. Nb3 Be6 14. h5 e4 15. g5 Nd5 16. Bd2 e3 17. Bc1 Qxg5 18. Qe2 Bxc3+ 19. bxc3 Qg3+ 20. Kf1 Nf4 21. Qxe3 Bh3+ 22. Rxh3 Qxh3+ 23. Kf2 Qg2+ 24. Ke1 Rae8 0-1

[Event "CP-2015-Q-00007"]
[Site "LSS email"]
[Date "2015.12.02"]
[Round "?"]
[White "Colibaba, Alexandr"]
[Black "Tortosa, Horacio"]
[Result "1-0"]
[WhiteElo "2215"]
[BlackElo "1869"]
[PlyCount "81"]
[EventDate "2015.12.08"]
[EventType "tourn (corr)"]
[EventRounds "6"]
[EventCountry "GER"]
[SourceTitle "Corr 2022"]
[Source "ChessBase"]
[SourceDate "2021.10.24"]
[SourceVersion "1"]
[SourceVersionDate "2021.10.24"]
[SourceQuality "1"]

1. e4 d6 2. d4 Nf6 3. Nc3 g6 4. Be3 Bg7 5. f3 0-0 6. Qd2 c6 7. 0-0-0 b5 8. h4 b4 9. Nce2 Qa5 10. Kb1 c5 11. h5 Nc6 12. hxg6 fxg6 13. dxc5 dxc5 14. Nf4 Rd8 15. Bc4+ Kf8 16. Qc1 Rxd1 17. Qxd1 Ne5 18. Qe2 h6 19. Ne6+ Bxe6 20. Bxe6 Qb6 21. Bb3 Rc8 22. f4 Neg4 23. e5 Nxe3 24. Qxe3 Nd7 25. Bc4 Qc6 26. Nf3 Nb6 27. Bd3 Nd5 28. Qe4 Kg8 29. Bc4 Rd8 30. Kc1 e6 31. Qxg6 Nxf4 32. Qg4 Rf8 33. Rxh6 Rf7 34. Kb1 Kf8 35. Rh1 Ke8 36. Rd1 Rd7 37. Rf1 Nd5 38. Ng5 Re7 39. Rd1 a6 40. Bb3 Kd8 41. Nxe6+ 1-0

[Event "BI-2015-P-0000"]
[Site "LSS email"]
[Date "2015.04.16"]
[Round "?"]
[White "Pech, Stepan"]
[Black "Tortosa, Horacio"]
[Result "0-1"]
[WhiteElo "1488"]
[BlackElo "1832"]
[PlyCount "32"]
[EventDate "2015.04.22"]
[EventType "tourn (corr)"]
[EventRounds "10"]
[EventCountry "GER"]
[SourceTitle "Corr 2022"]
[Source "ChessBase"]
[SourceDate "2021.10.24"]
[SourceVersion "1"]
[SourceVersionDate "2021.10.24"]
[SourceQuality "1"]

1. d4 Nf6 2. c4 g6 3. Nc3 Bg7 4. e4 d6 5. Nf3 0-0 6. Be2 e5 7. dxe5 dxe5 8. Qxd8 Rxd8 9. Bg5 Nbd7 10. 0-0-0 Rf8 11. Nd5 c6 12. Ne7+ Kh8 13. Be3 Re8 14. Nxc8 Raxc8 15. g4 Rcd8 16. Nd2 Nf8 0-1

[Event "BI-2015-P-0000"]
[Site "LSS email"]
[Date "2015.04.16"]
[Round "?"]
[White "Tortosa, Horacio"]
[Black "Falco, Osvaldo"]
[Result "1-0"]
[WhiteElo "1832"]
[BlackElo "1469"]
[PlyCount "77"]
[EventDate "2015.04.22"]
[EventType "tourn (corr)"]
[EventRounds "10"]
[EventCountry "GER"]
[SourceTitle "Corr 2022"]
[Source "ChessBase"]
[SourceDate "2021.10.24"]
[SourceVersion "1"]
[SourceVersionDate "2021.10.24"]
[SourceQuality "1"]

1. e4 d6 2. d4 Nf6 3. Nc3 g6 4. f4 Bg7 5. Nf3 c5 6. Bb5+ Bd7 7. e5 Ng4 8. Bxd7+ Qxd7 9. d5 dxe5 10. h3 e4 11. hxg4 exf3 12. Qxf3 Na6 13. Bd2 0-0-0 14. 0-0-0 Nc7 15. Be1 f5 16. gxf5 Qxf5 17. g4 Qf7 18. Bg3 h5 19. f5 hxg4 20. Qf4 Na6 21. Nb5 Rxd5 22. Rxh8+ Bxh8 23. Rxd5 Qxd5 24. fxg6 Qh1+ 25. Kd2 Qd5+ 26. Ke3 Qf3+ 27. Qxf3 gxf3 28. c3 Kd7 29. Kxf3 Ke6 30. Kg4 Kf6 31. Kh5 Bg7 32. Bf4 e5 33. Bg5+ Ke6 34. Bh6 Bf6 35. g7 Kf7 36. Nd6+ Kg8 37. Kg6 Be7 38. Nf5 Bd8 39. Be3 1-0

[Event "BI-2015-P-0000"]
[Site "LSS email"]
[Date "2015.04.16"]
[Round "?"]
[White "Tortosa, Horacio"]
[Black "Palma Espinosa, Hugo"]
[Result "1/2-1/2"]
[WhiteElo "1832"]
[BlackElo "2050"]
[PlyCount "46"]
[EventDate "2015.04.22"]
[EventType "tourn (corr)"]
[EventRounds "10"]
[EventCountry "GER"]
[SourceTitle "Corr 2022"]
[Source "ChessBase"]
[SourceDate "2021.10.24"]
[SourceVersion "1"]
[SourceVersionDate "2021.10.24"]
[SourceQuality "1"]

1. Nf3 Nf6 2. c4 c5 3. Nc3 Nc6 4. g3 g6 5. Bg2 Bg7 6. 0-0 0-0 7. d4 d6 8. d5 Nb8 9. h3 a6 10. a4 Nbd7 11. a5 b6 12. axb6 Nxb6 13. Qd3 a5 14. Bf4 Nh5 15. Bg5 Ba6 16. Nd2 h6 17. Be3 Bc8 18. Nde4 f5 19. Nd2 g5 20. Bf3 Nf6 21. Bg2 Qe8 22. f4 gxf4 23. Bxf4 Bd7 1/2-1/2

[Event "BI-2015-P-0000"]
[Site "LSS email"]
[Date "2015.04.16"]
[Round "?"]
[White "Tortosa, Horacio"]
[Black "Stehling, Eva"]
[Result "1-0"]
[WhiteElo "1832"]
[BlackElo "1100"]
[PlyCount "27"]
[EventDate "2015.04.22"]
[EventType "tourn (corr)"]
[EventRounds "10"]
[EventCountry "GER"]
[SourceTitle "Corr 2022"]
[Source "ChessBase"]
[SourceDate "2021.10.24"]
[SourceVersion "1"]
[SourceVersionDate "2021.10.24"]
[SourceQuality "1"]

1. e4 d6 2. d4 Nf6 3. Nc3 g6 4. f4 Bg7 5. e5 Nfd7 6. Nf3 0-0 7. h4 c5 8. h5 cxd4 9. Qxd4 Nc6 10. Qf2 dxe5 11. hxg6 fxg6 12. Bc4+ Kh8 13. Rxh7+ Kxh7 14. Ng5+ 1-0

[Event "CP-2014-P-00052"]
[Site "LSS email"]
[Date "2014.09.30"]
[Round "?"]
[White "Tortosa, Horacio"]
[Black "Sukhanitskij, Stanislav"]
[Result "0-1"]
[WhiteElo "1842"]
[BlackElo "2144"]
[PlyCount "100"]
[EventDate "2014.10.01"]
[EventType "tourn (corr)"]
[EventRounds "6"]
[EventCountry "GER"]
[SourceTitle "Corr 2022"]
[Source "ChessBase"]
[SourceDate "2021.10.24"]
[SourceVersion "1"]
[SourceVersionDate "2021.10.24"]
[SourceQuality "1"]

1. d4 d5 2. c4 dxc4 3. Nf3 Nf6 4. e3 e6 5. Bxc4 c5 6. 0-0 a6 7. Nc3 b5 8. Bb3 Bb7 9. Qe2 Nbd7 10. Rd1 Qb6 11. a4 c4 12. Bc2 b4 13. a5 Qc7 14. Na4 Rc8 15. e4 Qxa5 16. d5 b3 17. Bd2 Bb4 18. Bb1 0-0 19. dxe6 fxe6 20. Bxb4 Qxb4 21. Nc3 Qc5 22. Nd4 Rfe8 23. Nf3 h6 24. Na4 Qh5 25. Nc3 Ne5 26. Nxe5 Qxe5 27. h3 Re7 28. Qe3 Rd7 29. Rxd7 Nxd7 30. f4 Qc5 31. Kf2 Qc7 32. Ra4 e5 33. f5 a5 34. g3 Ra8 35. g4 Nb6 36. Ra3 Qd6 37. Kg3 Qd4 38. Qc1 a4 39. Kf3 Rd8 40. Qe3 Qd2 41. Qxb6 Qf4+ 42. Ke2 Rd4 43. Rxa4 Bc6 44. Ra8+ Kh7 45. Rd8 Qd2+ 46. Kf3 Rxd8 47. Ne2 Rd6 48. Qc5 Qd1 49. Kf2 c3 50. bxc3 Rf6 0-1

[Event "BI-2014-P-0006"]
[Site "LSS email"]
[Date "2014.04.19"]
[Round "?"]
[White "Tortosa, Horacio"]
[Black "Potapov, Evgeniy M"]
[Result "1/2-1/2"]
[WhiteElo "1703"]
[BlackElo "1550"]
[PlyCount "130"]
[EventDate "2014.04.25"]
[EventType "tourn (corr)"]
[EventRounds "10"]
[EventCountry "GER"]
[SourceTitle "Corr 2015"]
[Source "ChessBase"]
[SourceDate "2015.07.17"]
[SourceVersion "1"]
[SourceVersionDate "2015.07.17"]
[SourceQuality "1"]

1. d4 Nf6 2. c4 g6 3. Nc3 d5 4. Bg5 Ne4 5. Bh4 Nxc3 6. bxc3 dxc4 7. Qa4+ Nd7 8. Qxc4 Nb6 9. Qb5+ c6 10. Qe5 Rg8 11. e4 Bg7 12. Qa5 f5 13. f3 Rf8 14. Bd3 Bh6 15. Qb4 Qd6 16. Rb1 fxe4 17. fxe4 Qe6 18. Ne2 Be3 19. Rb2 g5 20. Bg3 Bd7 21. Rb3 Rc8 22. Qc5 Na4 23. Qxa7 b5 24. Qa5 h5 25. d5 cxd5 26. exd5 Qf6 27. Bxb5 Nc5 28. Bxd7+ Kxd7 29. Rb8 Nd3+ 30. Kd1 Rxb8 31. Qc7+ Ke8 32. Qxb8+ Kf7 33. Qb1 Qg6 34. Nd4 Nf2+ 35. Ke2 Nxh1 36. Qxg6+ Kxg6 37. Kxe3 Nxg3 38. hxg3 Ra8 39. c4 Kf6 40. Ke4 Rxa2 41. c5 Kf7 42. Ne6 Rxg2 43. Nxg5+ Kf6 44. Kf4 Rf2+ 45. Nf3 Rc2 46. Ne5 Rd2 47. Nd7+ Kf7 48. Ne5+ Ke8 49. d6 exd6 50. Nf3 Rd5 51. cxd6 Rxd6 52. g4 Rf6+ 53. Kg3 Rg6 54. Ne5 Rg8 55. Kh4 hxg4 56. Nxg4 Ke7 57. Ne3 Ke6 58. Nc2 Ke5 59. Ne3 Ke4 60. Ng4 Kf4 61. Nh6 Rg1 62. Kh5 Rg7 63. Kh4 Rg5 64. Nf7 Rg7 65. Nh6 Rg5 1/2-1/2

[Event "BI-2014-P-0006"]
[Site "LSS email"]
[Date "2014.04.19"]
[Round "?"]
[White "Tortosa, Horacio"]
[Black "Svrsek, Radomir Jr"]
[Result "1/2-1/2"]
[WhiteElo "1703"]
[BlackElo "1904"]
[PlyCount "100"]
[EventDate "2014.04.25"]
[EventType "tourn (corr)"]
[EventRounds "10"]
[EventCountry "GER"]
[SourceTitle "Corr 2015"]
[Source "ChessBase"]
[SourceDate "2015.07.17"]
[SourceVersion "1"]
[SourceVersionDate "2015.07.17"]
[SourceQuality "1"]

1. c4 e5 2. Nc3 Nf6 3. g3 Be7 4. Bg2 0-0 5. e4 Nc6 6. Nge2 h6 7. 0-0 Bc5 8. a3 a5 9. b3 d6 10. Bb2 Bg4 11. h3 Bh5 12. Qc2 Nd7 13. Rab1 Re8 14. d3 Nf8 15. Kh2 Ne6 16. Nb5 Bxe2 17. Qxe2 Ncd4 18. Nxd4 Bxd4 19. Bc1 c6 20. h4 Bc5 21. b4 axb4 22. axb4 Bd4 23. Bh3 Qe7 24. Be3 Bxe3 25. fxe3 Ra4 26. Qb2 Rea8 27. Ra1 b5 28. cxb5 cxb5 29. Rxa4 bxa4 30. Bxe6 Qxe6 31. Ra1 Qc8 32. b5 Kh7 33. Kg2 h5 34. Ra2 f6 35. Qc2 Qxc2+ 36. Rxc2 Rb8 37. Rb2 a3 38. Ra2 Rxb5 39. Rxa3 Rb2+ 40. Kf3 Rd2 41. g4 Kh6 42. gxh5 Kxh5 43. Ra7 g5 44. hxg5 fxg5 45. d4 g4+ 46. Kg3 Rd3 47. dxe5 Rxe3+ 48. Kf2 Rf3+ 49. Kg2 dxe5 50. Ra5 Kh4 1/2-1/2

[Event "CP-2013-P-00033"]
[Site "LSS email"]
[Date "2013.09.30"]
[Round "?"]
[White "Jarabinsky, Martin"]
[Black "Tortosa, Horacio"]
[Result "1-0"]
[WhiteElo "2133"]
[BlackElo "1700"]
[PlyCount "79"]
[EventDate "2013.10.01"]
[EventType "tourn (corr)"]
[EventRounds "6"]
[EventCountry "GER"]
[SourceTitle "Corr 2015"]
[Source "ChessBase"]
[SourceDate "2015.07.17"]
[SourceVersion "1"]
[SourceVersionDate "2015.07.17"]
[SourceQuality "1"]

1. e4 g6 2. d4 Bg7 3. Nc3 d6 4. Nf3 c6 5. Be2 Nf6 6. 0-0 0-0 7. h3 Nbd7 8. a4 e5 9. dxe5 dxe5 10. Qd6 Ne8 11. Qa3 h6 12. Rd1 Qc7 13. Bc4 Kh7 14. Be3 f5 15. exf5 gxf5 16. Ba2 Nef6 17. Qe7 Re8 18. Qf7 Rf8 19. Qe6 Ne8 20. Qb3 f4 21. Ne4 Nef6 22. Qd3 Nxe4 23. Qxe4+ Kh8 24. Nh4 Rf6 25. Ng6+ Rxg6 26. Qxg6 fxe3 27. Qe8+ Nf8 28. fxe3 Qb6 29. Qf7 Be6 30. Bxe6 Qxe3+ 31. Kh1 Nxe6 32. Qxe6 Qe2 33. Qg6 Rg8 34. Rd7 e4 35. Rxb7 a5 36. Qxc6 Rf8 37. Rg1 e3 38. Qg6 Rg8 39. Re7 Qf2 40. b3 1-0

[Event "CP-2013-P-00033"]
[Site "LSS email"]
[Date "2013.09.30"]
[Round "?"]
[White "Tortosa, Horacio"]
[Black "Sheers, Matthew Philip"]
[Result "0-1"]
[WhiteElo "1700"]
[BlackElo "1786"]
[PlyCount "128"]
[EventDate "2013.10.01"]
[EventType "tourn (corr)"]
[EventRounds "6"]
[EventCountry "GER"]
[SourceTitle "Corr 2015"]
[Source "ChessBase"]
[SourceDate "2015.07.17"]
[SourceVersion "1"]
[SourceVersionDate "2015.07.17"]
[SourceQuality "1"]

1. c4 e5 2. Nc3 Nf6 3. g3 Nc6 4. Bg2 g6 5. e3 Bg7 6. Nge2 0-0 7. 0-0 d6 8. d3 Bg4 9. h3 Be6 10. e4 Qd7 11. Kh2 Qd8 12. f4 exf4 13. Nxf4 a6 14. Qb3 Nd4 15. Qd1 c5 16. Be3 Bd7 17. Qd2 b5 18. b4 Bc6 19. Rac1 Nd7 20. Nfd5 bxc4 21. dxc4 Ne5 22. Bxd4 cxd4 23. Ne2 d3 24. Nef4 Bh6 25. Ne3 Qb6 26. c5 Qd8 27. Nc4 Nxc4 28. Rxc4 dxc5 29. Rxc5 Bb5 30. Re1 Rc8 31. Rxc8 Qxc8 32. a4 Bxf4 33. gxf4 Bxa4 34. Qxd3 Qb8 35. Qxa6 Qxf4+ 36. Kh1 Qg3 37. Rf1 Bd7 38. Rf3 Qe1+ 39. Rf1 Qxb4 40. Qf6 Be6 41. e5 Qd4 42. Kh2 Rc8 43. Rf4 Qd7 44. Rf2 Rc3 45. Rf3 Rc5 46. Ra3 Qd4 47. Ra8+ Bc8 48. Ra7 Qxe5+ 49. Qxe5 Rxe5 50. Ra8 Re8 51. Bd5 Bd7 52. Ra7 Be6 53. Bc6 Rc8 54. Bd7 Rc2+ 55. Kg1 Bd5 56. Ra4 f5 57. h4 Kg7 58. Bb5 Rg2+ 59. Kf1 Rh2 60. Kg1 Rh3 61. Bc4 Be4 62. Ra7+ Kh8 63. Kf2 Rxh4 64. Ke3 h5 0-1

[Event "CP-2012-P-00007"]
[Site "LSS email"]
[Date "2012.10.01"]
[Round "?"]
[White "Tortosa, Horacio"]
[Black "Falco, Osvaldo"]
[Result "1-0"]
[WhiteElo "1724"]
[BlackElo "1133"]
[PlyCount "65"]
[EventDate "2012.10.05"]
[EventType "tourn (corr)"]
[EventRounds "6"]
[EventCountry "GER"]
[SourceTitle "Telechess CBM 161"]
[Source "ChessBase"]
[SourceDate "2014.07.16"]
[SourceVersion "1"]
[SourceVersionDate "2014.07.16"]
[SourceQuality "1"]

1. d4 d6 2. c4 Nf6 3. Nc3 e5 4. d5 Nbd7 5. e4 Nc5 6. f3 a5 7. Be3 Be7 8. Qd2 h6 9. 0-0-0 0-0 10. g4 Nh7 11. Kb1 Bh4 12. Nb5 Bd7 13. Qc3 Re8 14. Ne2 Ng5 15. Bg2 Nh7 16. Ng3 Nf8 17. Nf5 Ng6 18. Rhg1 Na4 19. Qb3 Nc5 20. Bxc5 dxc5 21. d6 cxd6 22. Nbxd6 Re6 23. Nxh4 Nxh4 24. Qxb7 Nxg2 25. Rxg2 Rb8 26. Nxf7 Rxb7 27. Nxd8 Bc8 28. Nxb7 Bxb7 29. Rgd2 Rf6 30. Rd7 Bc6 31. R7d6 Bb7 32. Rxf6 gxf6 33. Rd8+ 1-0

[Event "LSS No Engine Cup 73 Preliminary 6"]
[Site "LSS email"]
[Date "2012.09.24"]
[Round "?"]
[White "Ballero, Andrea"]
[Black "Tortosa, Horacio"]
[Result "0-1"]
[WhiteElo "1529"]
[BlackElo "1736"]
[PlyCount "29"]
[EventDate "2012.09.25"]
[EventType "tourn (corr)"]
[EventRounds "6"]
[EventCountry "GER"]
[SourceTitle "Corr 2015"]
[Source "ChessBase"]
[SourceDate "2015.07.17"]
[SourceVersion "1"]
[SourceVersionDate "2015.07.17"]
[SourceQuality "1"]

1. e4 c5 2. Nf3 e6 3. b3 d6 4. Bb2 Nc6 5. d4 cxd4 6. Nxd4 Nf6 7. Nxc6 bxc6 8. e5 Ne4 9. exd6 Qa5+ 10. Nd2 Bxd6 11. Bd3 Nc5 12. Be2 Bf4 13. g3 Bh6 14. f4 Ba6 15. a3 0-1

[Event "LSS No Engine Cup 73 Preliminary 6"]
[Site "LSS email"]
[Date "2012.09.24"]
[Round "?"]
[White "O'Brien, Glenn"]
[Black "Tortosa, Horacio"]
[Result "1/2-1/2"]
[WhiteElo "1316"]
[BlackElo "1736"]
[PlyCount "125"]
[EventDate "2012.09.25"]
[EventType "tourn (corr)"]
[EventRounds "6"]
[EventCountry "GER"]
[SourceTitle "Telechess CBM 159"]
[Source "ChessBase"]
[SourceDate "2014.03.17"]
[SourceVersion "1"]
[SourceVersionDate "2014.03.17"]
[SourceQuality "1"]

1. e4 g6 2. d4 Bg7 3. Nc3 d6 4. Nf3 Nf6 5. Be2 0-0 6. 0-0 c6 7. h3 Nbd7 8. Be3 Qc7 9. a4 b6 10. Qd2 Re8 11. Rfe1 e5 12. Bc4 exd4 13. Bxd4 Ne5 14. Bxe5 dxe5 15. Rad1 Be6 16. Bxe6 Rxe6 17. Ng5 Re7 18. Qd6 Qxd6 19. Rxd6 Rc8 20. Red1 h6 21. Nf3 Rcc7 22. b4 Red7 23. R6d3 Rxd3 24. cxd3 Nd7 25. d4 exd4 26. Nxd4 Nb8 27. b5 cxb5 28. Ndxb5 Rd7 29. Rxd7 Nxd7 30. Nd5 a6 31. Nd6 Bf8 32. Nc8 b5 33. axb5 axb5 34. Nce7+ Kg7 35. Nc6 Nf6 36. f3 Bc5+ 37. Kf1 Nxd5 38. exd5 Kf8 39. Ke2 Ke8 40. Kd3 Kd7 41. Ne5+ Ke7 42. f4 g5 43. f5 f6 44. Nf3 Kd6 45. Ke4 Bb6 46. Ne1 Ba5 47. Nd3 Bc3 48. Nc1 h5 49. Ne2 Be5 50. g4 h4 51. Nc1 Bb2 52. Nb3 Bc3 53. Nc1 Ba5 54. Ne2 Bb6 55. Nc3 Kc5 56. d6 Kc4 57. Nd5 Bd8 58. Nc7 b4 59. Ke3 Kc3 60. Nd5+ Kc4 61. Nc7 Kc3 62. Nb5+ Kc4 63. Nc7 1/2-1/2

[Event "SB-2012-0-00221"]
[Site "LSS email"]
[Date "2012.03.31"]
[Round "?"]
[White "Tortosa, Horacio"]
[Black "Cardoso Garcia, Sergio"]
[Result "0-1"]
[WhiteElo "1753"]
[BlackElo "2058"]
[PlyCount "90"]
[EventDate "2012.03.13"]
[EventType "tourn (corr)"]
[EventRounds "6"]
[EventCountry "GER"]
[SourceTitle "Telechess CBM 159"]
[Source "ChessBase"]
[SourceDate "2014.03.17"]
[SourceVersion "1"]
[SourceVersionDate "2014.03.17"]
[SourceQuality "1"]

1. e4 c5 2. Nf3 d6 3. d4 cxd4 4. Qxd4 Nc6 5. Bb5 Bd7 6. Bxc6 Bxc6 7. Nc3 Nf6 8. Bg5 e6 9. 0-0-0 Be7 10. Rhe1 0-0 11. Qd2 Qc7 12. Kb1 Rfd8 13. Nd4 Rac8 14. f3 h6 15. Be3 a6 16. g4 d5 17. e5 Nh7 18. h4 Bd7 19. g5 h5 20. g6 fxg6 21. Qh2 Re8 22. Rg1 Nf8 23. Qg3 b5 24. Nce2 b4 25. Rd2 a5 26. Nc1 a4 27. Nd3 Ra8 28. Bg5 b3 29. cxb3 axb3 30. Nxb3 Qa7 31. Nbc1 Bxg5 32. Qxg5 Rec8 33. Qg3 Bb5 34. a3 Rab8 35. Nb4 Rc4 36. Rgg2 Rxb4 37. axb4 Ra8 38. Kc2 Qa1 39. Nd3 Nd7 40. Qxg6 Rc8+ 41. Nc5 Ba4+ 42. Kc3 Rxc5+ 43. bxc5 Qc1+ 44. Rc2 Qe3+ 45. Qd3 d4+ 0-1